La réponse est un oiseau - Statistiques

Statistiques générales
  • Ce quiz a été pris 298 fois
  • Le résultat moyen est 12 sur 20
Statistiques - réponses
Indice Réponse % Correct
Régulièrement cuisiné en confit ou en magret Canard
92%
Il est sur un arbre perché dans une fable de Jean de La Fontaine Corbeau
90%
Sommeil/Aller se coucher en language enfantin Dodo
85%
Pendule qui imite le cri de l'oiseau en question Coucou
84%
Appareil, lien serré autour d'un membre pour ralentir ou arrêter la circulation veineuse ou artérielle (en cas d'hémorragie, avant une opération, etc.). Garrot
81%
2ème ville la plus peuplée d'Italie Milan
81%
Plus grand fleuve d'Amérique du Sud Amazone
77%
Dramaturge et poète français notamment auteur de "Le Cid" Corneille
77%
Chaîne d'hôtels célèbre Ibis
74%
Dialecte du néerlandais majoritairement parlé en Belgique (la dernière lettre change pour l'oiseau) Flamant (rose)
71%
Fruit de l'actinidia, à pulpe verte et à peau marron Kiwi
71%
Synonyme de froid en language familier Caille
69%
Chacun des deux longs bâtons munis d'un étrier pour le pied, permettant de se déplacer dans des terrains difficiles. Échasse
55%
Oiseau présent sur le logo de la brasserie Pelforth Pelican
54%
Appareil de levage et de manutention réservé aux lourdes charges Grue
45%
Ustensile de cuisine servant à racler le fond des récipients. Spatule (blanche)
42%
Noble admis dans l'ordre de la chevalerie. Chevalier
29%
Espèce de poisson présente notamment en Alaska Colin
19%
Qui est agréable, réussi, très bon (familier) Chouette
11%
Pieux ermite, saint de l'islam, dont le tombeau est un lieu de pèlerinage. Marabout
3%
Aucun quiz correspondant
Distribution des résultats
% des personnes avec chaque résultat
Percentile par nombre de réponses
Votre historique - résultats
Vous n’avez pas pris ce quiz